[Event "Bayern-ch Seniors 11th"]
[Site "Schloss Schney"]
[Date "1999.??.??"]
[Round "5"]
[White "Walther, Lutz"]
[Black "Hahn, Richard"]
[Result "1/2-1/2"]
[WhiteElo "1529"]
[BlackElo "1705"]
[PlyCount "44"]
[EventDate "1999.11.??"]
[EventType "swiss"]
[EventRounds "9"]
[EventCountry "GER"]
[SourceTitle "EXT 2002"]
[Source "ChessBase"]
[SourceDate "2001.11.25"]
[SourceVersion "1"]
[SourceVersionDate "2001.11.25"]
[SourceQuality "1"]

1. e4 c5 2. Nc3 Nc6 3. a3 d6 4. Nf3 e6 5. Be2 d5 6. d3 d4 7. Na2 e5 8. Bd2 Nf6 9. h3 h6 10. c3 Be6 11. cxd4 cxd4 12. 0-0 Bd6 13. b4 b5 14. Qc2 Rc8 15. Qb2 Nd7 16. Rac1 Nb6 17. Rc2 Na4 18. Qb1 0-0 19. Nh2 Qb6 20. Rfc1 Rc7 21. Bg4 Bxg4 22. Nxg4 Rfc8 1/2-1/2

[Event "Bayern-ch Seniors 11th"]
[Site "Schloss Schney"]
[Date "1999.??.??"]
[Round "3"]
[White "Walther, Lutz"]
[Black "Zellner, Erwin"]
[Result "0-1"]
[WhiteElo "1529"]
[BlackElo "1638"]
[PlyCount "32"]
[EventDate "1999.11.??"]
[EventType "swiss"]
[EventRounds "9"]
[EventCountry "GER"]
[SourceTitle "EXT 2002"]
[Source "ChessBase"]
[SourceDate "2001.11.25"]
[SourceVersion "1"]
[SourceVersionDate "2001.11.25"]
[SourceQuality "1"]

1. Nf3 Nf6 2. Nc3 c6 3. e4 d6 4. d4 g6 5. b3 Bg7 6. Bb2 Nbd7 7. Be2 0-0 8. 0-0 e5 9. Ba3 Qa5 10. Bb2 Re8 11. Bd3 exd4 12. Nxd4 Nc5 13. Re1 Nxd3 14. Qxd3 Be6 15. Nxe6 Rxe6 16. Nd1 Qxe1+ 0-1